000 00824nam a22002657a 4500
001 4007
003 FISKH
005 20240530093853.0
008 240530b cb ||||| |||| 00| 0 eng d
020 _a059060175-x
040 _aFISKH
_beng
_cFISKH
_dFISKH
050 _aPZ7.V874
082 _a813.54
100 _aVoigt Cynthia
_d1942-
245 _aBad, badder, baddest /
_cCynthia Voigt
260 _aNew York :
_bScholastic,
_c1998
300 _a266 pages :
_c20 cm
505 _aM
520 _aWhen fifth graders Mikey and Margalo devise a plan to prevent Mikey's parents from getting a divorce, the two friends find their scheme foiled by a new girl at school.
521 8 _a700
_bLexile
521 8 _aM
_bRaz-Plus
700 _aCynthia Voigt
942 _2ddc
_cBK
_n0
999 _c4007
_d4007